00400nam a2200157Ia 450000500170000000800410001702000150005808200130007310000180008624500360010426000460014030000120018665000110019865000090020965000240021820240610004342.0240331s9999 xx 000 0 und d a8171003206 bSEHa344 aSehgal, B.P.S 0aWomen, birthcontrol and the law aNew DelhibDEEP & DEEP Publicationsc1991 a183 p., aWomen  aLaw  aReproductive Health